Statistics for Top 50 Most Democratic Countries

Click here to take the quiz!

General Stats

  • This quiz has been taken 74 times
  • The average score is 39 of 50

Answer Stats

ScoreCountry% Correct
9.52Denmark
98%
9.29Finland
98%
9.39Iceland
98%
9.81Norway
98%
8.11Spain
98%
9.22Sweden
98%
8.83Canada
97%
7.93Portugal
97%
7.75United States
97%
8.71Australia
95%
9.17Netherlands
95%
9.61New Zealand
95%
7.38Belgium
94%
8.07France
94%
8.80Germany
94%
8.29Japan
94%
8.03South Korea
94%
8.22Austria
90%
7.97Czech Republic
90%
9.02Ireland
90%
7.69Italy
90%
8.20United Kingdom
90%
8.88Luxembourg
89%
9.13Switzerland
89%
7.13Argentina
87%
7.06Slovakia
87%
7.99Greece
86%
7.96Estonia
84%
8.28Chile
83%
7.64Latvia
83%
7.30Lithuania
83%
7.95Slovenia
83%
7.85Israel
75%
7.01South Africa
75%
7.70Malta
73%
8.91Taiwan
73%
8.99Uruguay
73%
7.04Brazil
71%
6.90Colombia
71%
8.33Costa Rica
65%
7.35Cyprus
65%
6.92India
65%
7.05Panama
60%
7.16Malaysia
49%
7.07Jamaica
41%
8.14Mauritius
38%
7.65Cape Verde
29%
7.31Trinidad and Tobago
27%
7.73Botswana
25%
6.99Suriname
25%

Score Distribution

Percentile by Number Answered

Percent of People with Each Score

Your Score History

You have not taken this quiz